000 00828nam a2200289Ia 4500
005 20260324114126.0
008 008 260324s9999 xx 000 0 eng d
020 _a9781003393238
037 _aEBOOK
040 _aCRL
040 _beng
040 _cCRL
041 _2eng
041 _aeng
084 _qCRL
100 _aAkshara Makrariya; Brajesh Kumar Jha; Rabia Musheer; Anant Kant Shukla; Amrita Jha; Parvaiz Ahmad Naik
_91149531
245 0 _aComputational and Analytic Methods in Biological Sciences
245 0 _bBioinformatics with Machine Learning and Mathematical Modelling
260 _bTaylor and Francis
260 _c2023
365 _a
365 _b225
856 _uhttp://www.taylorfrancis.com/books/9781003393238
942 _cEBOOK
999 _c1739536
_d1739536